00717cam a22001813a 450000100060000000300060000600500170001200800410002904000150007004200070008510000270009224502660011926000290038550600300041451600200044483000290046485600420049340029PGUSA20140828083907.0120618s2012||||xxu|||||s|||||000 | eng d aPGUSAbeng adc1 aHenry Hawkes SpinkcJr14aThe Gunpowder Plot and Lord Mounteagle's Letter :bBeing a Proof, with Moral Certitude, of the Authorship of the Document: Together with Some Account of the Whole Thirteen Gunpowder Conspirators, Including Guy Fawkesh[electronic resource] /cHenry Hawkes Spink bProject Gutenberg,c2012 aPublic domain in the USA. aElectronic text 0aProject Gutenbergv4002940uhttp://www.gutenberg.org/ebooks/40029